000 00277nam a22001337a 4500
003 SGT
082 _a97893885754920
_bT20K
100 _aKUMAR, PRAMOD
245 _aTHE FUTURE NEWSROOM
260 _bKITABWALE
_c2020
300 _a436
650 _aJOURNALISM
942 _2ddc
_cBK
999 _c28614
_d28614